Better towns, a study of urban reconstruction in India. (Record no. 542484)

000 -LEADER
fixed length control field 00445cam a22001451 4500
082 ## - DEWEY DECIMAL CLASSIFICATION NUMBER
Classification number 309.76054
Author Mark GRI
-- L-28,P-24
100 1# - MAIN ENTRY--PERSONAL NAME
Personal name Griffiths, Percival Joseph,
9 (RLIN) 37665
245 10 - TITLE STATEMENT
Title Better towns, a study of urban reconstruction in India.
260 ## - PUBLICATION, DISTRIBUTION, ETC.
Place of publication, distribution, etc. Allahabad,
Name of publisher, distributor, etc. Kitabistan
Date of publication, distribution, etc. [1945]
300 ## - PHYSICAL DESCRIPTION
Extent 98 p.
Dimensions 19 cm.
526 ## - STUDY PROGRAM INFORMATION NOTE
Program name 0
Interest level 0
Reading level 0
Title point value 309_760540000000000_GRI
650 #0 - SUBJECT ADDED ENTRY--TOPICAL TERM
Topical term or geographic name entry element Cities and towns
Geographic subdivision India.
9 (RLIN) 37666
650 #0 - SUBJECT ADDED ENTRY--TOPICAL TERM
Topical term or geographic name entry element MCE
9 (RLIN) 379
942 ## - ADDED ENTRY ELEMENTS (KOHA)
Source of classification or shelving scheme
Koha item type Book
Holdings
Withdrawn status Lost status Source of classification or shelving scheme Damaged status Not for loan Permanent Location Current Location Date acquired Total Checkouts Full call number Barcode Date last seen Price effective from Koha item type
          Military College of Engineering (MCE) Military College of Engineering (MCE) 01/01/2014   309.76054 GRI MCE-1871 01/01/2014 01/01/2014 Book
© 2023 Central Library, National University of Sciences and Technology. All Rights Reserved.